| 000 | 00942nas a2200313 4500 | ||
|---|---|---|---|
| 001 | BR0603133 | ||
| 003 | BR-BrBNA | ||
| 005 | 20231205110141.0 | ||
| 007 | ta | ||
| 008 | 230509b bl.|||p| |||| 00| 00por d | ||
| 040 |
_aBR-BrBNA _bpor _cBiblioteca Nacional de Agricultura |
||
| 041 | _a(Pt) | ||
| 072 | _aL73; L50 | ||
| 100 | 1 | _aOliveira, L.C. | |
| 100 | 1 | _aMedeiros, C.M.O. | |
| 100 | 1 | _aSilva, I.N.G. | |
| 100 | 1 | _aMonteiro, A.J. | |
| 100 | 1 | _aLeite, C.A.L. | |
| 100 | 1 | _aCarvalho, C.B.M. | |
| 245 | 1 | _aSusceptibilidade a antimicrobianos de bactérias isoladas de otite externa em cães | |
| 650 | _aCÃO | ||
| 650 | _aBACTÉRIA | ||
| 650 | _aOTITE | ||
| 650 | _aINFECÇÃO | ||
| 650 | _aBIOQUÍMICA ANIMAL | ||
| 773 | 0 |
_tArquivo Brasileiro de Medicina Veterinária e Zootecnia (Brazil) _xISSN 0102-0935 _g(Jun 2005), v. 57(3) p. 405-408 _wBR0603133 |
|
| 909 |
_a202311 _bLúcia _c55 _dLúcia Elande |
||
| 942 |
_2AGRIS _n0 _cANA |
||
| 999 |
_c186351 _d186351 |
||